Normal view
MARC view
- Chávez Zaldumbide, Patricio
Entry Nombre Personal
001 - NUMERO DE CONTROL
- campo de control: 44329
003 - IDENTIFICADOR DE NUMERO DE CONTROL
- campo de control: UPN
005 - FECHA Y HORA DE LA ÜLTIMA TRANSACCIÓN
- campo de control: 20220428172828.0
008 - DATOS DE LONGITUD FIJA
- campo de control de longitud fija: 220428|| ac|nnaabn | a|a d
040 ## - FUENTE DE CATALOGACIÓN
- Agencia original de catalogación: MX-MxUPN
100 ## - ENCABEZAMIENTO - NOMBRE PERSONAL
- Nombre personal: Chávez Zaldumbide, Patricio
670 ## - FUENTE EN LA QUE SE LOCALIZARON DATOS
- Cita de la fuente: Abriendo escuelas para la equidad, 2009:
- Información localizada: (Patricio Chávez Zaldumbide]
